Hanʾgukhak yŏnʾgu.

Saved in:
Bibliographic Details
Corporate Author: Koryŏ Taehakkyo. Hanʾgukhak Yŏnʾguso.
Format: Journal
Language:Korean
Published: Chʻungnam Yŏnʾgi-gun : Koryŏ Taehakkyo Hanʾgukhak Yŏnʾguso.
Subjects:
Tags: Add Tag
No Tags, Be the first to tag this record!
LEADER 01413cas a2200385 a 4500
001 005432575-7
005 20171006182003.0
008 940714c19889999ko ar p 0 | 0kor
010 |a 94657632  
022 |a 1225-195X 
035 0 |a ocm30759821 
040 |a DLC  |c DLC  |d *YNH*  |d CStRLIN 
042 |a lc 
043 |a a-ko---  |a a-kr--- 
050 0 0 |a DS905.92.K6  |b H36 
130 0 |6 880-01  |a Hanʾgukhak yŏnʾgu (Koryŏ Taehakkyo. Hanʾgukhak Yŏnʾguso) 
245 0 0 |6 880-02  |a Hanʾgukhak yŏnʾgu. 
246 1 3 |a Hankookhak yongu 
260 |6 880-03  |a Chʻungnam Yŏnʾgi-gun :  |b Koryŏ Taehakkyo Hanʾgukhak Yŏnʾguso. 
300 |a v. :  |b ill. ;  |c 23 cm. 
310 |a Annual 
362 1 |a Began in 1988. 
500 |a Description based on: Che 5-chip (1993). 
651 0 |a Korea (South)  |x Study and teaching  |z Korea (South)  |v Periodicals. 
651 0 |a Korea  |x Study and teaching  |z Korea (South)  |v Periodicals. 
651 0 |a Korea  |x Study and teaching  |v Periodicals. 
650 7 |a Study skills.  |2 fast  |0 (OCoLC)fst01136216 
710 2 |6 880-04  |a Koryŏ Taehakkyo.  |b Hanʾgukhak Yŏnʾguso. 
880 0 |6 130-01  |a 한국학연구 (Koryŏ Taehakkyo. Hanʾgukhak Yŏnʾguso) 
880 0 0 |6 245-02  |a 한국학연구. 
880 |6 260-03  |a 충남연기군 :  |b 고려대학교한국학연구소. 
880 2 |6 710-04  |a 고려대학교.  |b 한국학연구소. 
899 |a 415_565278 
988 |a 20021201 
906 |0 DLC